| 000 | 00351nam a2200121 a 4500 | ||
|---|---|---|---|
| 005 | 20140414132053.0 | ||
| 008 | 110715s19uu xx 00 eng d | ||
| 050 |
_aER _bM11 2000 |
||
| 100 | _aManning, David | ||
| 245 |
_aKeeping Snakes : _bA practical guide to caring for unusual pets. |
||
| 260 |
_aNew York : _bHarpercollins, _c2000. |
||
| 999 |
_c114225 _d114225 |
||